000 00332nam a22001457a 4500
003 OSt
008 210915b ||||| |||| 00| 0 eng d
020 _a9789389538229
100 _aHUSAIN,Majid
245 _aIndian and World Geography
250 _a5th
260 _bMcGraw Hill
_c2021
300 _a11313.57pg
942 _2ddc
_cREF
999 _c10928
_d10928